Banca 76 : (Registro nro. 11954)

Detalles MARC
000 -LEADER
fixed length control field 00989nam a2200253Ia 4500
003 - CONTROL NUMBER IDENTIFIER
control field OSt
005 - DATE AND TIME OF LATEST TRANSACTION
control field 20210716141600.0
008 - FIXED-LENGTH DATA ELEMENTS--GENERAL INFORMATION
fixed length control field 130821s1976 ck gr spa
040 ## - CATALOGING SOURCE
Original cataloging agency Co-BoUCM
Language of cataloging spa
Transcribing agency CO-JMCR
041 0# - LANGUAGE CODE
Language code of text/sound track or separate title spa
082 0# - DEWEY DECIMAL CLASSIFICATION NUMBER
Classification number 332.4986 /
Item number A837b
Edition number 23
111 2# - MAIN ENTRY--MEETING NAME
Meeting name or jurisdiction name as entry element Convención Bancaria y de Instituciones Financieras
Number of part/section/meeting (14 :
Date of meeting or treaty signing 1976 Oct 28-30 :
Location of meeting Cartagena, Colombia)
9 (RLIN) 38531
245 10 - TITLE STATEMENT
Title Banca 76 :
Remainder of title memoria /
Statement of responsibility, etc. XIV Convención Bancaria y de Instituciones Financieras ; Asociación Bancaria de Colombia.
260 ## - PUBLICATION, DISTRIBUTION, ETC.
Place of publication, distribution, etc. [Bogotá, Colombia] :
Name of publisher, distributor, etc. Presencia,
Date of publication, distribution, etc. 1976.
300 ## - PHYSICAL DESCRIPTION
Extent 130 páginas ;
Dimensions 24 cm.
501 ## - WITH NOTE
With note Con: notas a pie de página.
505 ## - FORMATTED CONTENTS NOTE
Formatted contents note Opiniones del sector financiero. -- Opiniones del gobierno. -- Conclusiones.
650 04 - SUBJECT ADDED ENTRY--TOPICAL TERM
Topical term or geographic name entry element Banca
Geographic subdivision Colombia
9 (RLIN) 9920
650 04 - SUBJECT ADDED ENTRY--TOPICAL TERM
Topical term or geographic name entry element Bancos
Geographic subdivision Colombia
9 (RLIN) 9920
650 04 - SUBJECT ADDED ENTRY--TOPICAL TERM
Topical term or geographic name entry element Finanzas
Geographic subdivision Colombia
9 (RLIN) 7628
650 04 - SUBJECT ADDED ENTRY--TOPICAL TERM
Topical term or geographic name entry element Bancos y banca
Geographic subdivision Colombia
9 (RLIN) 7628
710 2# - ADDED ENTRY--CORPORATE NAME
Corporate name or jurisdiction name as entry element Asociación Bancaria de Colombia.
9 (RLIN) 8022
942 ## - ADDED ENTRY ELEMENTS (KOHA)
Koha item type Books
Source of classification or shelving scheme Dewey Decimal Classification
Existencias
Withdrawn status Lost status Source of classification or shelving scheme Damaged status Not for loan Home library Current library Shelving location Date acquired Source of acquisition Full call number Barcode Date last seen Copy number Price effective from Koha item type
    Dewey Decimal Classification     Biblioteca Pública José María del Castillo y Rada Biblioteca Pública José María del Castillo y Rada General Stacks 04/15/2018 Donación 332.4986 / A837b 430003144 05/16/2024 Ej.1 03/10/2021 Books